00342pab a2200133 454500008004000000100001700040245004600057260000900103300001100112362001000123650003400133650002600167773001500193180718b2002 xxu||||| |||| 00| 0 eng d aGujral, I.K. aReflections on governance of our republic c2002 ap.7-9. a5 Oct aPublic administration - India aPublic administration aMainstream